| 000 | 00524nam a2200181Ia 4500 | ||
|---|---|---|---|
| 003 | GCL | ||
| 008 | 140319s9999 xx 000 0 ara d | ||
| 040 |
_aGCL / _cGCL |
||
| 082 | 0 | 4 |
_aق _b309.162 _bم ا |
| 100 | 1 | _aميلاد حنا | |
| 245 | 1 | 0 |
_aالاعمدة السبعة للشخصية المصرية / _cميلاد حنا |
| 300 | _a170 ص | ||
| 490 |
_aكتاب الهلال _v0 |
||
| 650 | 0 | 4 | _aمصر |
| 650 | 0 | 4 | _aالحضارة الفرعونية |
| 650 | 0 | 4 | _aالشخصية المصرية |
| 942 |
_2ddc _cBK |
||
| 999 |
_c39241 _d39241 |
||